Fourier analysis / (Record no. 20840)

MARC details
000 -LEADER
fixed length control field 01093cam a2200313 i 4500
001 - CONTROL NUMBER
control field 12142538
003 - CONTROL NUMBER IDENTIFIER
control field EG-ScBUE
005 - DATE AND TIME OF LATEST TRANSACTION
control field 20241010120723.0
008 - FIXED-LENGTH DATA ELEMENTS--GENERAL INFORMATION
fixed length control field 000815t2001 riu f b 001 0 eng d
020 ## - INTERNATIONAL STANDARD BOOK NUMBER
International Standard Book Number 9780821821725
040 ## - CATALOGING SOURCE
Original cataloging agency DLC
Language of cataloging eng
Description conventions rda
Transcribing agency DLC
Modifying agency EG-ScBUE
041 1# - LANGUAGE CODE
Language code of text/sound track or separate title eng
Language code of original and/or intermediate translations of text spa
082 04 - DEWEY DECIMAL CLASSIFICATION NUMBER
Classification number 515.2433
Edition number 22
Item number DUO
100 1# - MAIN ENTRY--PERSONAL NAME
Personal name Duoandikoetxea Zuazo, Javier,
Relator term author.
9 (RLIN) 38867
240 10 - UNIFORM TITLE
Uniform title <a href="Analisis de Fourier.">Analisis de Fourier.</a>
Language of a work English
245 10 - TITLE STATEMENT
Title Fourier analysis /
Statement of responsibility, etc Javier Duoandikoetxea ; translated and revised by David Cruz-Uribe, SFO.
264 #1 - PUBLICATION, DISTRIBUTION, ETC. (IMPRINT)
Place of publication, distribution, etc Providence, Rhode Island :
Name of publisher, distributor, etc American Mathematical Society,
Date of publication, distribution, etc [2001]
264 #4 - PUBLICATION, DISTRIBUTION, ETC. (IMPRINT)
Date of publication, distribution, etc c2001
300 ## - PHYSICAL DESCRIPTION
Extent xviii, 222 pages ;
Dimensions 27 cm.
490 0# - SERIES STATEMENT
Series statement Graduate studies in mathematics,
Volume number/sequential designation volume 29
504 ## - BIBLIOGRAPHY, ETC. NOTE
Bibliography, etc Includes bibliographical references and index.<br/>
546 ## - LANGUAGE NOTE
Language note Text in English ; translated from the original Spanish.
650 #7 - SUBJECT ADDED ENTRY--TOPICAL TERM
Topical term or geographic name as entry element Fourier analysis.
Source of heading or term BUEsh
651 ## - SUBJECT ADDED ENTRY--GEOGRAPHIC NAME
Source of heading or term BUEsh
653 ## - INDEX TERM--UNCONTROLLED
Resource For college Engineering, General
Arrived date list September2015
-- December2015
655 ## - INDEX TERM--GENRE/FORM
Form subdivision Reading book
700 1# - ADDED ENTRY--PERSONAL NAME
Personal name Cruz-Uribe, David
Relator term translator.
942 ## - ADDED ENTRY ELEMENTS (KOHA)
Source of classification or shelving scheme Dewey Decimal Classification
Koha item type Book - Borrowing
Holdings
Withdrawn status Lost status Source of classification or shelving scheme Damaged status Not for loan Collection code Home library Current library Shelving location Date acquired Source of acquisition Cost, normal purchase price Serial Enumeration / chronology Total Checkouts Full call number Barcode Date last seen Cost, replacement price Price effective from Koha item type
    Dewey Decimal Classification     Baccah Central Library Central Library First floor 02/09/2015 Purchase 328.00 23317   515.2433 DUO 000030891 15/07/2025 410.00 02/09/2015 Book - Borrowing